[Event "SK Münster 2 - Siegener SV 1"]
[Site "NRW-Klasse, Gruppe 2 2016/201"]
[Date "2016.11.13"]
[Round "3.2"]
[White "Wieder, Heiner"]
[Black "Richter, Gerald"]
[Result "0-1"]
[WhiteElo "2105"]
[BlackElo "2065"]
[PlyCount "62"]
[EventDate "2016.??.??"]
[WhiteTeam "SK Münster 2"]
[BlackTeam "Siegener SV 1"]

1. e4 c5 2. Nf3 d6 3. d4 cxd4 4. Nxd4 Nf6 5. Nc3 a6 6. Bc4 e6 7. O-O b5 8. Bb3
Be7 9. f4 Qc7 10. f5 e5 11. Nde2 Bb7 12. Bg5 Nbd7 13. Ng3 h5 14. Bxf6 Nxf6 15.
Qf3 h4 16. Nge2 b4 17. Nd5 Bxd5 18. Bxd5 Nxd5 19. exd5 Bg5 20. c3 a5 21. cxb4
axb4 22. Qe4 Qc5+ 23. Kh1 O-O 24. Rf3 Ra5 25. Rd3 Rfa8 26. a3 Qc2 27. Rad1 bxa3
28. b4 Ra4 29. Nc3 a2 30. Ra1 Ra3 31. Rf3 Rxc3 0-1

[Event "SK Münster 2 - Siegener SV 1"]
[Site "NRW-Klasse, Gruppe 2 2016/201"]
[Date "2016.11.13"]
[Round "3.3"]
[White "Bouillon, Christian"]
[Black "Mueschenich, Stefan"]
[Result "0-1"]
[WhiteElo "2056"]
[BlackElo "2078"]
[Annotator "Hausrath,Daniel"]
[PlyCount "118"]
[EventDate "2016.??.??"]
[WhiteTeam "Siegener SV 1"]
[BlackTeam "SK Münster 2"]

1. e4 Nf6 2. e5 Nd5 3. d4 d6 4. Nf3 Bg4 5. Be2 c6 6. O-O Bxf3 7. Bxf3 dxe5 8.
dxe5 e6 9. c4 Ne7 10. Be4 Qxd1 11. Rxd1 Nd7 12. f4 Nf5 13. Nc3 Bc5+ 14. Kf1
O-O-O 15. Na4 Ne3+ 16. Bxe3 Bxe3 17. g3 g5 18. f5 Nxe5 19. Ke2 Bd4 20. fxe6
fxe6 21. Rac1 Rhf8 22. Rf1 h6 23. b3 Ng4 24. h3 Nf6 25. Bf3 e5 26. Nc3 Bxc3 27.
Rxc3 Kd7 28. b4 Ke6 29. b5 e4 30. Bg2 Rd4 31. bxc6 bxc6 32. Rfc1 Rfd8 33. R1c2
Rd3 34. Bf1 Nh5 35. Kf2 Rf8+ 36. Kg2 Rxg3+ 37. Rxg3 Nxg3 38. Kxg3 Rxf1 39. Kg2
Rf3 40. Rd2 Ra3 41. c5 Ke5 42. Rd6 Rxa2+ 43. Kg3 h5 44. Rxc6 Ra3+ 45. Kg2 Ra2+
46. Kg3 h4+ 47. Kg4 Rg2+ 48. Kh5 Kd5 49. Rc8 a5 50. c6 $11 Kd6 51. c7 Kd7 52.
Ra8 Kxc7 53. Rxa5 Kd6 54. Rb5 e3 55. Rb8 e2 56. Re8 Kd5 57. Kg6 Kd4 58. Kf5 Kd3
59. Rd8+ Ke3 0-1

[Event "SK Münster 2 - Siegener SV 1"]
[Site "NRW-Klasse, Gruppe 2 2016/201"]
[Date "2016.11.13"]
[Round "3.4"]
[White "Virnyi, Julius"]
[Black "Becker, Frank"]
[Result "1/2-1/2"]
[WhiteElo "2069"]
[BlackElo "2031"]
[PlyCount "85"]
[EventDate "2016.??.??"]
[WhiteTeam "SK Münster 2"]
[BlackTeam "Siegener SV 1"]

1. d4 Nc6 2. d5 Ne5 3. e4 e6 4. f4 Ng6 5. dxe6 dxe6 6. Qxd8+ Kxd8 7. Nf3 Bc5 8.
Nc3 a6 9. Bd2 Nf6 10. e5 Nd5 11. Ne4 Ba7 12. g3 Bd7 13. Bd3 Nge7 14. Ke2 Nf5
15. c4 Nde3 16. c5 Nd5 17. g4 Nfe7 18. Nd4 Nc6 19. Nxc6+ Bxc6 20. b4 h5 21. h3
Ne7 22. Raf1 Bd5 23. a3 b6 24. cxb6 Bxb6 25. Be3 Bxe3 26. Kxe3 a5 27. b5 Rb8
28. Rb1 Nc8 29. Rhf1 Bxe4 30. Bxe4 hxg4 31. hxg4 Nb6 32. Rbd1+ Ke7 33. Rc1 Rh3+
34. Rf3 Rxf3+ 35. Bxf3 Kd8 36. Bc6 Ke7 37. Be4 Kd8 38. Rc2 Kd7 39. Bc6+ Ke7 40.
Bf3 Kd7 41. Bc6+ Ke7 42. Bf3 Kd7 43. Bc6+ 1/2-1/2

[Event "SK Münster 2 - Siegener SV 1"]
[Site "NRW-Klasse, Gruppe 2 2016/201"]
[Date "2016.11.13"]
[Round "3.5"]
[White "Guehne, Otfried"]
[Black "Neuer, Thomas"]
[Result "0-1"]
[WhiteElo "1992"]
[BlackElo "2081"]
[PlyCount "58"]
[EventDate "2016.??.??"]
[WhiteTeam "Siegener SV 1"]
[BlackTeam "SK Münster 2"]

1. e4 e6 2. d4 d5 3. Nc3 Nf6 4. exd5 exd5 5. Bd3 c5 6. Bg5 c4 7. Bxf6 Qxf6 8.
Be2 Bb4 9. Bf3 Be6 10. Nge2 Nc6 11. a3 Ba5 12. O-O Rd8 13. Qd2 O-O 14. Qf4 Qxf4
15. Nxf4 Nxd4 16. Bxd5 Bxc3 17. bxc3 Rxd5 18. cxd4 Rxd4 19. Nxe6 fxe6 20. Rfd1
Rfd8 21. Rxd4 Rxd4 22. Kf1 Rd2 23. Re1 Rxc2 24. Rxe6 Kf7 25. Re5 b6 26. Ke1 Ra2
27. Re4 c3 28. a4 Ra1+ 29. Ke2 c2 0-1

[Event "SK Münster 2 - Siegener SV 1"]
[Site "NRW-Klasse, Gruppe 2 2016/201"]
[Date "2016.11.13"]
[Round "3.6"]
[White "Kubo, Thomas"]
[Black "Schmidt, Matthias"]
[Result "0-1"]
[WhiteElo "2042"]
[BlackElo "1881"]
[PlyCount "86"]
[EventDate "2016.??.??"]
[WhiteTeam "SK Münster 2"]
[BlackTeam "Siegener SV 1"]

1. Nf3 d6 2. g3 Nf6 3. Bg2 g6 4. d4 Bg7 5. O-O O-O 6. c4 c6 7. Nc3 Qc7 8. Qc2
Na6 9. e4 e5 10. Rd1 Bg4 11. Be3 Rfe8 12. h3 Bxf3 13. Bxf3 Qe7 14. d5 c5 15. a3
Nd7 16. Rab1 Rf8 17. Be2 f5 18. b4 f4 19. Bd2 Qf6 20. Rf1 f3 21. Bd3 g5 22. Qc1
h6 23. Re1 Qg6 24. Nb5 Rf7 25. Qd1 Bf8 26. Re3 g4 27. hxg4 Qxg4 28. Kf1 Be7 29.
Ke1 Raf8 30. Nxa7 h5 31. Qa4 h4 32. Kd1 hxg3 33. Kc2 cxb4 34. axb4 g2 35. Ree1
Bh4 36. Be3 Rg7 37. Nb5 Qg6 38. Nc3 Nf6 39. c5 Ng4 40. Nd1 dxc5 41. Bxc5 Nxc5
42. bxc5 Nxf2 43. Rb6 Nxd3 0-1

[Event "SK Münster 2 - Siegener SV 1"]
[Site "NRW-Klasse, Gruppe 2 2016/201"]
[Date "2016.11.13"]
[Round "3.7"]
[White "Doehner, Hans-Juergen"]
[Black "Austrup, David"]
[Result "0-1"]
[WhiteElo "1875"]
[BlackElo "1923"]
[PlyCount "78"]
[EventDate "2016.??.??"]
[WhiteTeam "Siegener SV 1"]
[BlackTeam "SK Münster 2"]

1. e4 c5 2. Nf3 d6 3. d4 cxd4 4. Nxd4 Nf6 5. Nc3 g6 6. Bd3 Bg7 7. f3 O-O 8. Be3
Nc6 9. Qd2 d5 10. Nxc6 bxc6 11. Bh6 d4 12. Ne2 e5 13. g4 Nxe4 14. Bxe4 Qh4+ 15.
Ng3 Bxh6 16. Qg2 Rb8 17. O-O Rxb2 18. Rfb1 Rxb1+ 19. Rxb1 c5 20. Rb5 Be6 21.
Rxc5 Be3+ 22. Kh1 Rb8 23. Bd3 Rb1+ 24. Nf1 e4 25. Rb5 Rxb5 26. Bxb5 exf3 27.
Qxf3 Bxg4 28. Qe4 Qh3 29. Ng3 Be6 30. Bf1 Qg4 31. Qg2 Bxa2 32. h3 Qe6 33. Qa8+
Kg7 34. Qxa7 Bd5+ 35. Kh2 h5 36. Bg2 h4 37. Nf1 Qe5+ 38. Kh1 Bxg2+ 39. Kxg2
Qe4+ 0-1

[Event "SK Münster 2 - Siegener SV 1"]
[Site "NRW-Klasse, Gruppe 2 2016/201"]
[Date "2016.11.13"]
[Round "3.8"]
[White "Meyer, Ulrich"]
[Black "Besser, Jochen"]
[Result "1-0"]
[WhiteElo "1929"]
[BlackElo "1848"]
[PlyCount "73"]
[EventDate "2016.??.??"]
[WhiteTeam "SK Münster 2"]
[BlackTeam "Siegener SV 1"]

1. e4 g6 2. d4 Bg7 3. c3 d5 4. e5 c5 5. Bd3 cxd4 6. cxd4 Nc6 7. Ne2 Nh6 8. Nd2
Nf5 9. Nf3 O-O 10. g4 Nh6 11. h3 f6 12. Be3 fxe5 13. Nxe5 Nxe5 14. dxe5 Nf7 15.
f4 b6 16. Nd4 Nxe5 17. fxe5 Bxe5 18. Rf1 Bg3+ 19. Ke2 e5 20. Nc6 Qd6 21. Rxf8+
Kxf8 22. Bh6+ Kg8 23. Bc4 Be6 24. Bxd5 Re8 25. Bxe6+ Qxe6 26. Qb3 g5 27. Bxg5
Kg7 28. Qxe6 Rxe6 29. Ne7 Kf8 30. Nf5 Bf4 31. Bxf4 exf4+ 32. Kf2 Rc6 33. Re1 h5
34. Nd4 Rc4 35. Re4 Kg8 36. g5 Rc5 37. h4 1-0

[Event "SG Niederkassel 1 - SV Letmathe 1"]
[Site "NRW-Klasse, Gruppe 2 2016/201"]
[Date "2016.11.13"]
[Round "3.2"]
[White "Wigger, Jochen"]
[Black "Podzielny, Karl-Heinz"]
[Result "1/2-1/2"]
[WhiteElo "2223"]
[BlackElo "2333"]
[PlyCount "141"]
[EventDate "2016.??.??"]
[WhiteTeam "SG Niederkassel 1"]
[BlackTeam "SV Letmathe 1"]

1. d4 Nf6 2. Bg5 c5 3. Bxf6 gxf6 4. d5 Qb6 5. Qc1 f5 6. c3 Bh6 7. e3 d6 8. Nf3
Nd7 9. Nbd2 Nf6 10. c4 Rg8 11. g3 Qa5 12. Bd3 b5 13. O-O bxc4 14. Bxc4 Rb8 15.
Qc2 Rg4 16. Rfe1 Ne4 17. Bd3 Bg7 18. Nc4 Qb4 19. Rab1 Qb7 20. h3 Ng5 21. Nxg5
Rxg5 22. Bf1 Qxd5 23. Bg2 Qe6 24. Qa4+ Kf8 25. Qxa7 Rb4 26. Nb6 Be5 27. Qb8
Rxb6 28. Qxb6 h5 29. Qc6 Bd7 30. Qa8+ Kg7 31. Qd5 Qg6 32. b4 Bc3 33. Rec1 cxb4
34. h4 Be6 35. Qd3 Rg4 36. Rxc3 bxc3 37. Qxc3+ Qf6 38. Qc2 d5 39. Rd1 Qe5 40.
Qd2 Ra4 41. Bxd5 Bxd5 42. Qxd5 Qxd5 43. Rxd5 e6 44. Rd2 Kf6 45. Kg2 Rc4 46. a3
Ra4 47. Rd3 Ke5 48. Kf3 Rc4 49. Rd8 Kf6 50. Rd2 Ke5 51. Ke2 Ra4 52. Rd3 Ra7 53.
Rb3 Ra8 54. Kd2 Kd5 55. Kc2 e5 56. Kb2 Ke4 57. Rb7 f6 58. Rb6 Rf8 59. Kc3 Kf3
60. Rb2 f4 61. exf4 exf4 62. gxf4 Kg4 63. Kd4 Kxh4 64. Rb7 Kg4 65. Rh7 Ra8 66.
f3+ Kxf4 67. Rxh5 Ra4+ 68. Kd3 Rxa3+ 69. Ke2 Ra2+ 70. Kf1 Kg3 71. Ke1 1/2-1/2

[Event "SG Niederkassel 1 - SV Letmathe 1"]
[Site "NRW-Klasse, Gruppe 2 2016/201"]
[Date "2016.11.13"]
[Round "3.3"]
[White "Adamski, Jan"]
[Black "Rybarczyk, Klaus"]
[Result "1-0"]
[WhiteElo "2246"]
[BlackElo "2219"]
[PlyCount "147"]
[EventDate "2016.??.??"]
[WhiteTeam "SV Letmathe 1"]
[BlackTeam "SG Niederkassel 1"]

1. Nf3 Nf6 2. c4 g6 3. Nc3 Bg7 4. e4 d6 5. d4 O-O 6. Be2 e5 7. Be3 Qe8 8. dxe5
Ng4 9. Bg5 h6 10. Bd2 dxe5 11. Nd5 Qd8 12. Bb4 c6 13. Be7 Qd7 14. Bxf8 Bxf8 15.
Nc3 Qc7 16. O-O Nd7 17. a3 a5 18. Rb1 Nc5 19. b4 axb4 20. axb4 Ne6 21. c5 Nf6
22. Bc4 Ne8 23. Na4 Bg7 24. Nb6 Rb8 25. Nxc8 Qxc8 26. Bxe6 Qxe6 27. Qb3 Qg4 28.
b5 cxb5 29. Qxb5 Qxe4 30. c6 b6 31. Rfe1 Qf5 32. Qa6 e4 33. Nd2 Qd5 34. Qa7 Rc8
35. Nxe4 Qxc6 36. Qxb6 Qc2 37. g3 Qa4 38. Rbd1 Qa8 39. Rd7 Rb8 40. Qc5 Qa2 41.
Qe7 Bf8 42. Qe5 Ra8 43. Red1 Bg7 44. Qd5 Qxd5 45. R7xd5 Ra4 46. Nc5 Rc4 47. Rd8
Rxc5 48. Rxe8+ Kh7 49. Re7 Rf5 50. Kg2 Bf8 51. Red7 Kg7 52. R1d3 Re5 53. Rf3
Be7 54. Re3 Bf6 55. Rxe5 Bxe5 56. f4 Bc3 57. g4 Bb2 58. Kf3 Ba3 59. Ke4 Bc5 60.
Rc7 Bb6 61. Rd7 Bc5 62. Rd5 Bb6 63. h4 Bf2 64. h5 Bg1 65. Ra5 Bf2 66. Rd5 Bg3
67. hxg6 Kxg6 68. Rd6+ Kg7 69. Kf5 Be1 70. Rc6 Bg3 71. Rc7 Bh2 72. Rd7 Kg8 73.
Kf6 Bxf4 74. Rxf7 1-0

[Event "SG Niederkassel 1 - SV Letmathe 1"]
[Site "NRW-Klasse, Gruppe 2 2016/201"]
[Date "2016.11.13"]
[Round "3.4"]
[White "Stanetzek, Carsten"]
[Black "Schleining, Zoya"]
[Result "1/2-1/2"]
[WhiteElo "2132"]
[BlackElo "2329"]
[Annotator "Hausrath,Daniel"]
[PlyCount "47"]
[EventDate "2016.??.??"]
[WhiteTeam "SG Niederkassel 1"]
[BlackTeam "SV Letmathe 1"]

1. e4 c5 2. Nf3 d6 3. Bb5+ Nd7 4. O-O a6 5. Bd3 e5 6. c4 Ne7 7. Nc3 Nf6 8. a3
Nc6 9. Bc2 Be7 10. Ba4 Nd7 11. d3 O-O 12. b4 Nb6 13. Bc2 f5 14. bxc5 dxc5 15.
h3 f4 16. Rb1 Bd6 17. Bb2 Rf7 18. Re1 Rb8 19. a4 Nd7 20. Nd5 a5 21. Qd2 b6 22.
Bd1 Nf8 23. Nh2 Bd7 24. Nc3 {Rest unleserlich!} 1/2-1/2

[Event "SG Niederkassel 1 - SV Letmathe 1"]
[Site "NRW-Klasse, Gruppe 2 2016/201"]
[Date "2016.11.13"]
[Round "3.5"]
[White "Gruermann, Martin"]
[Black "Broehl, Stephan"]
[Result "0-1"]
[WhiteElo "2169"]
[BlackElo "2112"]
[PlyCount "106"]
[EventDate "2016.??.??"]
[WhiteTeam "SV Letmathe 1"]
[BlackTeam "SG Niederkassel 1"]

1. Nf3 d5 2. c4 c6 3. cxd5 cxd5 4. d4 Nf6 5. Nc3 Nc6 6. Bf4 a6 7. e3 Bg4 8. Be2
e6 9. O-O Bd6 10. Ne5 Bxe2 11. Qxe2 Rc8 12. Bg3 O-O 13. f4 Nd7 14. Qg4 f5 15.
Qh5 Nf6 16. Qf3 Bb4 17. Bh4 Qe8 18. Bxf6 gxf6 19. Nd3 Bxc3 20. bxc3 Na5 21.
Rac1 b6 22. Kh1 Kh8 23. Rg1 Rg8 24. g4 fxg4 25. Rxg4 Rxg4 26. Qxg4 Qg6 27. Qxg6
hxg6 28. Kg2 Nc4 29. Kf3 Nd2+ 30. Ke2 Ne4 31. f5 gxf5 32. Nf4 Rc6 33. Kd3 b5
34. Ne2 Kg7 35. Rg1+ Kf7 36. Ra1 Rc4 37. Rb1 Ra4 38. Nc1 Rc4 39. Ne2 e5 40. Rf1
Ke6 41. Rb1 Rc8 42. a4 Nd6 43. axb5 axb5 44. Rg1 Ra8 45. Nc1 Rh8 46. Rg2 Rh3
47. dxe5 fxe5 48. Rg6+ Ke7 49. Nb3 f4 50. Nc5 Rxe3+ 51. Kc2 Nc4 52. h4 Re2+ 53.
Kd3 Rd2# 0-1

[Event "SG Niederkassel 1 - SV Letmathe 1"]
[Site "NRW-Klasse, Gruppe 2 2016/201"]
[Date "2016.11.13"]
[Round "3.6"]
[White "Riedel, Holger"]
[Black "Haude, Ruediger"]
[Result "1/2-1/2"]
[WhiteElo "2095"]
[BlackElo "2041"]
[PlyCount "117"]
[EventDate "2016.??.??"]
[WhiteTeam "SG Niederkassel 1"]
[BlackTeam "SV Letmathe 1"]

1. e3 Nf6 2. c4 g6 3. Nc3 Bg7 4. Nf3 d6 5. d4 Nbd7 6. Be2 O-O 7. O-O e5 8. d5
a5 9. b3 Nc5 10. Ba3 Nfd7 11. b4 axb4 12. Bxb4 f5 13. a4 g5 14. Nd2 e4 15. Qc2
Qf6 16. Nb5 Qd8 17. Ra3 Na6 18. Bc3 Ne5 19. f4 gxf4 20. exf4 Ng6 21. Bxg7 Kxg7
22. Nb3 Qf6 23. Kh1 Bd7 24. Qd2 Rad8 25. Na5 Bc8 26. Na7 Nc5 27. Rb1 Bd7 28.
Nb5 b6 29. Nb3 Bxb5 30. cxb5 Ne7 31. Bc4 h6 32. Nd4 Ra8 33. Rba1 Ra5 34. Rg3+
Kh7 35. Bb3 Rfa8 36. Rc1 R5a7 37. Bd1 Qf7 38. Qb2 Rg8 39. Rxg8 Qxg8 40. Bc2
Qxd5 41. Ne2 Qf7 42. g4 fxg4 43. Rg1 Ra8 44. Ng3 d5 45. Qe5 Ng6 46. Qh5 Rf8 47.
Qxg4 Qxf4 48. Qh3 Qf3+ 49. Qg2 Nh4 50. Qxf3 Rxf3 51. Nh5 Ng6 52. Rd1 Rf5 53.
Rxd5 Rf2 54. Rxc5 bxc5 55. Bxe4 Ra2 56. Nf6+ Kg7 57. Nh5+ Kh7 58. Nf6+ Kg7 59.
Nh5+ 1/2-1/2

[Event "SG Niederkassel 1 - SV Letmathe 1"]
[Site "NRW-Klasse, Gruppe 2 2016/201"]
[Date "2016.11.13"]
[Round "3.7"]
[White "Hunold, Rolf"]
[Black "Freundlieb, Thomas"]
[Result "1/2-1/2"]
[WhiteElo "1946"]
[BlackElo "1998"]
[Annotator "Hausrath,Daniel"]
[PlyCount "106"]
[EventDate "2016.??.??"]
[WhiteTeam "SV Letmathe 1"]
[BlackTeam "SG Niederkassel 1"]

1. e4 d6 2. d4 Nf6 3. Nc3 Nbd7 4. Be3 e5 5. Nf3 Be7 6. h3 c6 7. g4 h6 8. Qd2 b5
9. Bd3 a6 10. Ne2 Nh7 11. Ng3 Ng5 12. Nxg5 Bxg5 13. Nf5 Qf6 14. f4 Bh4+ 15.
Nxh4 Qxh4+ 16. Bf2 Qf6 17. dxe5 dxe5 18. f5 Qg5 19. O-O-O Qxd2+ 20. Rxd2 Bb7
21. c4 Ke7 22. Rhd1 Rhd8 23. c5 Nf8 24. Bh4+ f6 25. Bf2 Rd7 26. Bc2 Rxd2 27.
Rxd2 Rd8 28. Rxd8 Kxd8 29. Kd2 a5 30. Bd3 Nd7 31. Be3 Nb8 32. a3 Ke7 33. Ke2
Bc8 34. Bd2 a4 35. Be3 Na6 36. Kd2 Bb7 37. Bb1 Bc8 38. Ba2 Bd7 39. Kc3 Be8 40.
Be6 Bd7 41. Ba2 Be8 42. Be6 Bd7 43. Bxd7 Kxd7 44. b3 Ke8 45. bxa4 bxa4 $11 46.
Kc4 Kf7 47. h4 Kg8 48. Bd2 Kf7 49. g5 hxg5 50. hxg5 Kg8 51. g6 Kf8 52. Ba5 Ke7
53. Bc3 Kf8 1/2-1/2

[Event "SG Niederkassel 1 - SV Letmathe 1"]
[Site "NRW-Klasse, Gruppe 2 2016/201"]
[Date "2016.11.13"]
[Round "3.8"]
[White "Groß, Werner"]
[Black "Schaar, Axel"]
[Result "1/2-1/2"]
[WhiteElo "2078"]
[BlackElo "1852"]
[PlyCount "34"]
[EventDate "2016.??.??"]
[WhiteTeam "SG Niederkassel 1"]
[BlackTeam "SV Letmathe 1"]

1. c4 c5 2. Nc3 Nc6 3. g3 g6 4. Bg2 Bg7 5. e3 Nf6 6. d4 cxd4 7. exd4 O-O 8. d5
Ne5 9. Qe2 d6 10. Be3 a6 11. h3 Qc7 12. b3 b5 13. f4 Nh5 14. fxe5 Nxg3 15. Qd3
Nxh1 16. Bxh1 bxc4 17. Qxc4 Qxc4 1/2-1/2

[Event "SC Rochade Emsdetten 1 - SV Erkenschwic"]
[Site "NRW-Klasse, Gruppe 2 2016/201"]
[Date "2016.12.11"]
[Round "4.1"]
[White "Willemze, Thomas"]
[Black "Kabatianski, Alexander"]
[Result "1-0"]
[WhiteElo "2396"]
[BlackElo "2332"]
[PlyCount "103"]
[EventDate "2016.??.??"]
[WhiteTeam "SV Erkenschwick 1"]
[BlackTeam "SC Rochade Emsdetten 1"]

1. e4 c5 2. Nf3 e6 3. d3 Nc6 4. g3 Nf6 5. Bg2 Be7 6. O-O O-O 7. Qe2 d6 8. c3
Bd7 9. Rd1 Rc8 10. Nbd2 b5 11. a3 Qb6 12. Nf1 Rfe8 13. h3 Na5 14. e5 Nd5 15. c4
Nc7 16. exd6 Bxd6 17. b4 Nb3 18. d4 cxb4 19. c5 Qa6 20. Rb1 Nxc1 21. Rdxc1 Nd5
22. axb4 Bb8 23. Ne3 Bc6 24. Nxd5 Bxd5 25. Ra1 Qb7 26. Ra3 Red8 27. Rca1 h6 28.
Ra5 Bc6 29. Qe3 Re8 30. Ra6 Bd5 31. Qc3 Red8 32. R6a5 Bc6 33. Ne1 Rd7 34. Bxc6
Rxc6 35. Nc2 h5 36. h4 Rd8 37. Qd3 a6 38. Qf3 Qc8 39. Qxh5 e5 40. d5 Rxd5 41.
Ne3 Rd7 42. Rd1 Rxd1+ 43. Qxd1 Bc7 44. Ra2 Qe6 45. Rd2 a5 46. Rd7 axb4 47. Rxc7
Rxc7 48. Qd8+ Kh7 49. Qxc7 b3 50. Nd1 Qc4 51. Qd6 Qc1 52. Qd3+ 1-0

[Event "SC Rochade Emsdetten 1 - SV Erkenschwic"]
[Site "NRW-Klasse, Gruppe 2 2016/201"]
[Date "2016.12.11"]
[Round "4.2"]
[White "Hiller, Simon"]
[Black "Erwich, Frank"]
[Result "1/2-1/2"]
[WhiteElo "2148"]
[BlackElo "2307"]
[Annotator "Hausrath,Daniel"]
[PlyCount "60"]
[EventDate "2016.??.??"]
[WhiteTeam "SC Rochade Emsdetten 1"]
[BlackTeam "SV Erkenschwick 1"]

1. e4 e5 2. Nf3 Nc6 3. Bc4 Nf6 4. d3 Bc5 5. O-O d6 6. h3 Na5 7. Bb3 Nxb3 8.
axb3 O-O 9. Be3 Bxe3 10. fxe3 d5 11. Nc3 Re8 12. exd5 Nxd5 13. Nxd5 Qxd5 14. e4
Qc5+ 15. Kh1 Be6 16. Ng5 f6 17. Nxe6 $11 Rxe6 18. Qe2 a5 19. Qf2 Rc6 20. Qxc5
Rxc5 21. Rf2 Rd8 22. Ra4 Rd4 23. Kg1 Kf7 24. Kf1 Ke6 25. Ke1 Rb5 26. Ra2 h5 27.
g3 g6 28. g4 hxg4 29. hxg4 Rd6 30. Ra1 Ra6 1/2-1/2

[Event "SC Rochade Emsdetten 1 - SV Erkenschwic"]
[Site "NRW-Klasse, Gruppe 2 2016/201"]
[Date "2016.12.11"]
[Round "4.3"]
[White "Van Beek, Alexander"]
[Black "De Groote, Ewoud"]
[Result "1/2-1/2"]
[WhiteElo "2235"]
[BlackElo "2275"]
[PlyCount "73"]
[EventDate "2016.??.??"]
[WhiteTeam "SV Erkenschwick 1"]
[BlackTeam "SC Rochade Emsdetten 1"]

1. d4 Nf6 2. c4 e6 3. Nc3 Bb4 4. Qc2 d5 5. cxd5 Qxd5 6. e3 c5 7. Bd2 Bxc3 8.
Bxc3 cxd4 9. Bxd4 Nc6 10. Bc3 e5 11. Nf3 Bg4 12. Be2 O-O 13. O-O Rac8 14. Rfd1
Qe6 15. Ng5 Qf5 16. Qxf5 Bxf5 17. Rac1 h6 18. Nf3 Rfe8 19. h3 Ne4 20. Be1 Be6
21. b3 f6 22. Nd2 Nxd2 23. Bxd2 Kf7 24. Bf3 f5 25. Bc3 e4 26. Be2 Re7 27. f4
exf3 28. Bxf3 Rec7 29. Bd2 Ne5 30. Bh5+ g6 31. Be2 Rxc1 32. Rxc1 Rxc1+ 33. Bxc1
h5 34. Kf2 Bd5 35. Bb2 Ke6 36. Kg3 h4+ 37. Kf2 1/2-1/2

[Event "SC Rochade Emsdetten 1 - SV Erkenschwic"]
[Site "NRW-Klasse, Gruppe 2 2016/201"]
[Date "2016.12.11"]
[Round "4.4"]
[White "Lehmann, Holger"]
[Black "Langers, Alexander"]
[Result "1-0"]
[WhiteElo "2097"]
[BlackElo "2178"]
[PlyCount "57"]
[EventDate "2016.??.??"]
[WhiteTeam "SC Rochade Emsdetten 1"]
[BlackTeam "SV Erkenschwick 1"]

1. c4 f5 2. g3 Nf6 3. Bg2 e5 4. Nc3 Bc5 5. d3 O-O 6. Nf3 Nc6 7. O-O d6 8. Na4
Bb6 9. a3 Qe8 10. b4 Nd4 11. Nxb6 Nxf3+ 12. exf3 axb6 13. f4 exf4 14. Bxf4 Ra7
15. a4 Bd7 16. b5 Qf7 17. Re1 h6 18. Be3 Kh7 19. a5 Rxa5 20. Rxa5 bxa5 21. Bxb7
Ng4 22. Bd4 f4 23. Re4 Qh5 24. h4 fxg3 25. fxg3 Bf5 26. Rf4 Qg6 27. Qe2 Nf6 28.
Qf3 Kg8 29. Rxf5 1-0

[Event "SC Rochade Emsdetten 1 - SV Erkenschwic"]
[Site "NRW-Klasse, Gruppe 2 2016/201"]
[Date "2016.12.11"]
[Round "4.5"]
[White "Homs, Guust"]
[Black "Paalman, Henk-Jan"]
[Result "1-0"]
[WhiteElo "2138"]
[BlackElo "2132"]
[PlyCount "133"]
[EventDate "2016.??.??"]
[WhiteTeam "SV Erkenschwick 1"]
[BlackTeam "SC Rochade Emsdetten 1"]

1. e4 e6 2. d4 d5 3. Nc3 dxe4 4. Nxe4 Nd7 5. Nf3 Ngf6 6. Bd3 Nxe4 7. Bxe4 Nf6
8. Bd3 c5 9. O-O cxd4 10. Nxd4 Bc5 11. Nf3 Qc7 12. Qe2 Bd7 13. Ne5 O-O 14. Bg5
Bd6 15. Nxd7 Nxd7 16. g3 Nc5 17. Rfd1 h6 18. Be3 Nxd3 19. Rxd3 Be5 20. c3 Bf6
21. Rad1 Rfd8 22. Rxd8+ Rxd8 23. Rxd8+ Qxd8 24. Qb5 b6 25. h3 Kh7 26. a4 Qd1+
27. Kh2 Qb1 28. Qd7 Qxb2 29. Qxa7 Bxc3 30. Bxb6 h5 31. a5 h4 32. Qxf7 hxg3+ 33.
Kxg3 Qb5 34. Qxe6 Bxa5 35. Qe4+ Kh6 36. Be3+ g5 37. Qe6+ Kh5 38. Qf7+ Kh6 39.
Qf6+ Kh5 40. Qf7+ Kh6 41. h4 Bd8 42. Qf8+ Kh5 43. Qh8+ Kg6 44. h5+ Kf7 45. Qxd8
Qe5+ 46. Kg4 Qe4+ 47. Kxg5 Qg2+ 48. Kf4 Qh2+ 49. Ke4 Qh1+ 50. Ke5 Qxh5+ 51. Qg5
Qh8+ 52. Ke4 Qh1+ 53. Kf4 Qh2+ 54. Kf3 Qh1+ 55. Ke2 Qa1 56. Qd5+ Kg6 57. Qd6+
Kh7 58. Qc7+ Kg6 59. Qb6+ Kf5 60. Qc5+ Kg6 61. f4 Qa2+ 62. Kf3 Qa8+ 63. Kg3 Qh1
64. Qd6+ Kf7 65. Qd7+ Kf8 66. Bc5+ Kg8 67. Qe8+ 1-0

[Event "SC Rochade Emsdetten 1 - SV Erkenschwic"]
[Site "NRW-Klasse, Gruppe 2 2016/201"]
[Date "2016.12.11"]
[Round "4.6"]
[White "Mueller, Achim"]
[Black "Krings, Christoph"]
[Result "1/2-1/2"]
[WhiteElo "2034"]
[BlackElo "2144"]
[PlyCount "36"]
[EventDate "2016.??.??"]
[WhiteTeam "SC Rochade Emsdetten 1"]
[BlackTeam "SV Erkenschwick 1"]

1. e4 e6 2. d4 d5 3. Nd2 dxe4 4. Nxe4 Nd7 5. Bd3 Ngf6 6. Nf3 Be7 7. Nxf6+ Nxf6
8. Bg5 c5 9. dxc5 Qa5+ 10. c3 Qxc5 11. Qe2 Bd7 12. Ne5 Bc6 13. Nxc6 Qxg5 14.
Nxe7 Kxe7 15. O-O Rhd8 16. Rad1 Qc5 17. Be4 Qe5 18. Bf3 Qxe2 1/2-1/2

[Event "SC Rochade Emsdetten 1 - SV Erkenschwic"]
[Site "NRW-Klasse, Gruppe 2 2016/201"]
[Date "2016.12.11"]
[Round "4.7"]
[White "Eggenstein, Frank"]
[Black "Lemli, Thomas"]
[Result "1-0"]
[WhiteElo "1984"]
[BlackElo "1999"]
[PlyCount "79"]
[EventDate "2016.??.??"]
[WhiteTeam "SV Erkenschwick 1"]
[BlackTeam "SC Rochade Emsdetten 1"]

1. e4 e6 2. d4 d5 3. e5 c5 4. c3 Bd7 5. Nf3 a6 6. Be2 cxd4 7. cxd4 Bb5 8. O-O
Bxe2 9. Qxe2 Nc6 10. Nc3 Nge7 11. a3 Nf5 12. Be3 Be7 13. b4 b5 14. Rac1 Na7 15.
Rc2 O-O 16. Bc1 Qb6 17. Qd3 Rfd8 18. g4 Nh6 19. Bxh6 gxh6 20. Qe3 Kh8 21. Qxh6
Rg8 22. Qf4 Rxg4+ 23. Qxg4 Rg8 24. Qxg8+ Kxg8 25. Ne2 a5 26. Rb1 axb4 27. axb4
Nc6 28. Rbc1 Nxb4 29. Rc8+ Kg7 30. Kh1 f6 31. Rg1+ Kf7 32. Rcg8 Bf8 33. Rh8 Nc6
34. exf6 Bd6 35. Rxh7+ Kxf6 36. Rhg7 b4 37. R1g6+ Kf5 38. Rg4 e5 39. Ng3+ Ke6
40. R4g6# 1-0

[Event "SC Rochade Emsdetten 1 - SV Erkenschwic"]
[Site "NRW-Klasse, Gruppe 2 2016/201"]
[Date "2016.12.11"]
[Round "4.8"]
[White "Ortmeier, Leonhard"]
[Black "Strozewski, Frank"]
[Result "1/2-1/2"]
[WhiteElo "1920"]
[BlackElo "1935"]
[Annotator "Hausrath,Daniel"]
[PlyCount "85"]
[EventDate "2016.??.??"]
[WhiteTeam "SC Rochade Emsdetten 1"]
[BlackTeam "SV Erkenschwick 1"]

1. e4 d6 2. d4 g6 3. Nc3 Bg7 4. Be3 Nc6 5. Qd2 e5 6. d5 Nce7 7. f3 f5 8. O-O-O
Nf6 9. Bh6 O-O 10. Bxg7 Kxg7 11. h4 f4 12. Bd3 Nh5 13. Nge2 a6 14. Rdg1 Rf7 15.
g3 Ng8 16. gxf4 Nxf4 17. Nxf4 Rxf4 18. h5 Rh4 19. hxg6 Rxh1 20. Rxh1 hxg6 21.
Qh2 Qg5+ 22. Kb1 Qh6 23. Qg2 Qf4 24. Ne2 Qf6 25. Qh2 Kf8 26. f4 Bg4 27. fxe5
Qxe5 28. Rf1+ Kg7 29. Qf2 Nh6 30. Nf4 g5 31. Ng2 Bh3 32. Rh1 $11 Rf8 33. Qd2
Bxg2 34. Qxg2 Rf4 35. Qh3 Rh4 36. Qd7+ Nf7 37. Rf1 Rf4 38. Rg1 Kf6 39. Qxc7 Qd4
40. Rh1 Rh4 41. Rf1+ Rf4 42. Rh1 Rh4 43. Rf1+ 1/2-1/2